| 000 | 00376pab a2200157 454500 | ||
|---|---|---|---|
| 008 | 180718b1987 xxu||||| |||| 00| 0 eng d | ||
| 100 | _aPosner, Paul | ||
| 245 | _aWhats new is federalism | ||
| 260 | _c1987 | ||
| 300 | _a207-12 | ||
| 362 | _aMar.-Apr. | ||
| 650 | _aFederalism - U.S.A. | ||
| 700 | _aJerry Fastrup | ||
| 773 | _aPublic Administration Review | ||
| 909 | _a8440 | ||
| 999 |
_c8440 _d8440 |
||